<?xml version="1.0" encoding="UTF-8"?>
<record
    xmlns:xsi="http://www.w3.org/2001/XMLSchema-instance"
    xsi:schemaLocation="http://www.loc.gov/MARC21/slim http://www.loc.gov/standards/marcxml/schema/MARC21slim.xsd"
    xmlns="http://www.loc.gov/MARC21/slim">

  <leader>00404nam a22001577a 4500</leader>
  <controlfield tag="001">3530</controlfield>
  <controlfield tag="003">FISKH</controlfield>
  <controlfield tag="005">20250411112018.0</controlfield>
  <controlfield tag="008">240318b        cb ||||| |||| 00| 0 eng d</controlfield>
  <datafield tag="020" ind1=" " ind2=" ">
    <subfield code="a">NXEGNST004208093293400</subfield>
  </datafield>
  <datafield tag="040" ind1=" " ind2=" ">
    <subfield code="c">FISKH</subfield>
    <subfield code="a">eng </subfield>
    <subfield code="b">FISKH </subfield>
    <subfield code="d">FISKH </subfield>
  </datafield>
  <datafield tag="110" ind1=" " ind2=" ">
    <subfield code="a">Acer Laptop Model NZ20C5</subfield>
    <subfield code="b">2022/02/22</subfield>
  </datafield>
  <datafield tag="245" ind1=" " ind2=" ">
    <subfield code="a">Acer Laptop</subfield>
  </datafield>
  <datafield tag="300" ind1=" " ind2=" ">
    <subfield code="a">NXEGNST004208094E73400</subfield>
  </datafield>
  <datafield tag="942" ind1=" " ind2=" ">
    <subfield code="2">ddc</subfield>
    <subfield code="c">LAPTOP</subfield>
    <subfield code="n">0</subfield>
  </datafield>
  <datafield tag="999" ind1=" " ind2=" ">
    <subfield code="c">3530</subfield>
    <subfield code="d">3530</subfield>
  </datafield>
  <datafield tag="952" ind1=" " ind2=" ">
    <subfield code="0">0</subfield>
    <subfield code="1">0</subfield>
    <subfield code="2">ddc</subfield>
    <subfield code="4">0</subfield>
    <subfield code="7">0</subfield>
    <subfield code="8">REF</subfield>
    <subfield code="a">001</subfield>
    <subfield code="b">001</subfield>
    <subfield code="c">LSHTK</subfield>
    <subfield code="d">2024-03-18</subfield>
    <subfield code="l">25</subfield>
    <subfield code="o">NXEGNST004208094E73400</subfield>
    <subfield code="p">2024-0768</subfield>
    <subfield code="q">2024-12-10</subfield>
    <subfield code="r">2024-11-26 14:45:10</subfield>
    <subfield code="s">2024-11-26</subfield>
    <subfield code="t">1</subfield>
    <subfield code="w">2024-03-18</subfield>
    <subfield code="y">LAPTOP</subfield>
  </datafield>
  <datafield tag="952" ind1=" " ind2=" ">
    <subfield code="0">0</subfield>
    <subfield code="1">0</subfield>
    <subfield code="2">ddc</subfield>
    <subfield code="4">0</subfield>
    <subfield code="7">0</subfield>
    <subfield code="8">REF</subfield>
    <subfield code="a">001</subfield>
    <subfield code="b">001</subfield>
    <subfield code="c">LSHTK</subfield>
    <subfield code="d">2024-03-18</subfield>
    <subfield code="l">159</subfield>
    <subfield code="o">NXEGNST0042080898F3400</subfield>
    <subfield code="p">2024-0732</subfield>
    <subfield code="r">2026-04-29 11:34:50</subfield>
    <subfield code="s">2026-04-29</subfield>
    <subfield code="t">2</subfield>
    <subfield code="w">2024-03-18</subfield>
    <subfield code="y">LAPTOP</subfield>
  </datafield>
  <datafield tag="952" ind1=" " ind2=" ">
    <subfield code="0">0</subfield>
    <subfield code="1">0</subfield>
    <subfield code="2">ddc</subfield>
    <subfield code="4">0</subfield>
    <subfield code="7">0</subfield>
    <subfield code="8">REF</subfield>
    <subfield code="a">001</subfield>
    <subfield code="b">001</subfield>
    <subfield code="c">LSHTK</subfield>
    <subfield code="d">2024-03-18</subfield>
    <subfield code="l">163</subfield>
    <subfield code="o">NXEGNST004208092313400</subfield>
    <subfield code="p">2024-0770</subfield>
    <subfield code="r">2026-04-29 09:23:35</subfield>
    <subfield code="s">2026-04-29</subfield>
    <subfield code="t">3</subfield>
    <subfield code="w">2024-03-18</subfield>
    <subfield code="y">LAPTOP</subfield>
  </datafield>
  <datafield tag="952" ind1=" " ind2=" ">
    <subfield code="0">0</subfield>
    <subfield code="1">0</subfield>
    <subfield code="2">ddc</subfield>
    <subfield code="4">0</subfield>
    <subfield code="7">0</subfield>
    <subfield code="8">REF</subfield>
    <subfield code="a">001</subfield>
    <subfield code="b">001</subfield>
    <subfield code="c">LSHTK</subfield>
    <subfield code="d">2024-03-18</subfield>
    <subfield code="l">152</subfield>
    <subfield code="o">NXEGNST004208090D13400</subfield>
    <subfield code="p">2024-0771</subfield>
    <subfield code="r">2026-04-23 11:29:26</subfield>
    <subfield code="s">2026-04-23</subfield>
    <subfield code="t">4</subfield>
    <subfield code="w">2024-03-18</subfield>
    <subfield code="y">LAPTOP</subfield>
  </datafield>
  <datafield tag="952" ind1=" " ind2=" ">
    <subfield code="0">0</subfield>
    <subfield code="1">0</subfield>
    <subfield code="2">ddc</subfield>
    <subfield code="4">0</subfield>
    <subfield code="7">0</subfield>
    <subfield code="8">REF</subfield>
    <subfield code="a">002</subfield>
    <subfield code="b">002</subfield>
    <subfield code="c">LSHTTP</subfield>
    <subfield code="d">2024-03-18</subfield>
    <subfield code="l">168</subfield>
    <subfield code="o">NXEGNST004208093293400</subfield>
    <subfield code="p">2024-0787</subfield>
    <subfield code="r">2026-04-22 13:41:19</subfield>
    <subfield code="s">2026-04-22</subfield>
    <subfield code="t">7</subfield>
    <subfield code="w">2024-03-18</subfield>
    <subfield code="y">LAPTOP</subfield>
  </datafield>
  <datafield tag="952" ind1=" " ind2=" ">
    <subfield code="0">0</subfield>
    <subfield code="1">0</subfield>
    <subfield code="2">ddc</subfield>
    <subfield code="4">0</subfield>
    <subfield code="7">0</subfield>
    <subfield code="8">REF</subfield>
    <subfield code="a">002</subfield>
    <subfield code="b">002</subfield>
    <subfield code="c">LSHTTP</subfield>
    <subfield code="d">2024-03-18</subfield>
    <subfield code="l">168</subfield>
    <subfield code="o">NXEGNST004208093323400</subfield>
    <subfield code="p">2024-0788</subfield>
    <subfield code="q">2026-05-12</subfield>
    <subfield code="r">2026-04-28 08:03:54</subfield>
    <subfield code="s">2026-04-28</subfield>
    <subfield code="t">8</subfield>
    <subfield code="w">2024-03-18</subfield>
    <subfield code="y">LAPTOP</subfield>
  </datafield>
  <datafield tag="952" ind1=" " ind2=" ">
    <subfield code="0">0</subfield>
    <subfield code="1">0</subfield>
    <subfield code="2">ddc</subfield>
    <subfield code="4">0</subfield>
    <subfield code="7">0</subfield>
    <subfield code="8">REF</subfield>
    <subfield code="a">002</subfield>
    <subfield code="b">002</subfield>
    <subfield code="c">LSHTTP</subfield>
    <subfield code="d">2024-03-18</subfield>
    <subfield code="l">155</subfield>
    <subfield code="o">NXEGNST0042080925B3400</subfield>
    <subfield code="p">2024-0786</subfield>
    <subfield code="r">2026-04-22 13:41:32</subfield>
    <subfield code="s">2026-04-22</subfield>
    <subfield code="t">10</subfield>
    <subfield code="w">2024-03-18</subfield>
    <subfield code="y">LAPTOP</subfield>
  </datafield>
  <datafield tag="952" ind1=" " ind2=" ">
    <subfield code="0">0</subfield>
    <subfield code="1">0</subfield>
    <subfield code="2">ddc</subfield>
    <subfield code="4">0</subfield>
    <subfield code="7">0</subfield>
    <subfield code="8">REF</subfield>
    <subfield code="a">001</subfield>
    <subfield code="b">001</subfield>
    <subfield code="c">LSHTK</subfield>
    <subfield code="d">2024-03-18</subfield>
    <subfield code="l">151</subfield>
    <subfield code="o">NXEGNST00420808EDB3400</subfield>
    <subfield code="p">2024-0772</subfield>
    <subfield code="r">2026-04-23 10:06:19</subfield>
    <subfield code="s">2026-04-23</subfield>
    <subfield code="t">5</subfield>
    <subfield code="w">2024-03-18</subfield>
    <subfield code="y">LAPTOP</subfield>
  </datafield>
  <datafield tag="952" ind1=" " ind2=" ">
    <subfield code="0">0</subfield>
    <subfield code="1">0</subfield>
    <subfield code="2">ddc</subfield>
    <subfield code="4">0</subfield>
    <subfield code="7">0</subfield>
    <subfield code="8">REF</subfield>
    <subfield code="a">002</subfield>
    <subfield code="b">002</subfield>
    <subfield code="c">LSHTTP</subfield>
    <subfield code="d">2024-03-18</subfield>
    <subfield code="l">169</subfield>
    <subfield code="o">NXEGNST004208097713400</subfield>
    <subfield code="p">2024-0784</subfield>
    <subfield code="r">2026-04-29 14:35:56</subfield>
    <subfield code="s">2026-04-29</subfield>
    <subfield code="t">9</subfield>
    <subfield code="w">2024-03-18</subfield>
    <subfield code="y">LAPTOP</subfield>
  </datafield>
  <datafield tag="952" ind1=" " ind2=" ">
    <subfield code="0">0</subfield>
    <subfield code="1">0</subfield>
    <subfield code="2">ddc</subfield>
    <subfield code="4">0</subfield>
    <subfield code="7">0</subfield>
    <subfield code="8">REF</subfield>
    <subfield code="a">002</subfield>
    <subfield code="b">001</subfield>
    <subfield code="c">LSHTTP</subfield>
    <subfield code="d">2024-03-18</subfield>
    <subfield code="l">115</subfield>
    <subfield code="o">NXEGNST004208093293400</subfield>
    <subfield code="p">2024-0800</subfield>
    <subfield code="r">2026-04-27 14:39:52</subfield>
    <subfield code="s">2026-04-27</subfield>
    <subfield code="t">6</subfield>
    <subfield code="w">2024-03-18</subfield>
    <subfield code="y">LAPTOP</subfield>
  </datafield>
</record>
